First Member of United Nations - Statistics

General Stats
  • This quiz has been taken 675 times
  • The average score is 15 of 27
Answer Stats
Answer % Correct
United States of America
99%
United Kingdom of Great Britain and Northern Ireland
98%
France
95%
China
89%
Russian Federation
86%
Brazil
76%
Argentina
70%
Turkey
61%
Poland
60%
Chile
59%
Denmark
59%
Egypt
58%
Iran
53%
Saudi Arabia
52%
New Zealand
49%
Cuba
47%
Paraguay
42%
Ukraine
39%
Luxembourg
38%
Syrian Arab Republic
37%
Haiti
36%
Philippines
35%
Dominican Republic
34%
Lebanon
34%
Belarus
31%
Nicaragua
31%
El Salvador
30%
No matching quizzes found
Score Distribution
Percent of People with Each Score
Percentile by Number Answered
Your Score History
You have not taken this quiz